Strategic Management : An Integrated Approach. (Record no. 2256)

MARC details
005 - DATE AND TIME OF LATEST TRANSACTION
control field 20250514132049.0
020 ## - INTERNATIONAL STANDARD BOOK NUMBER
International Standard Book Number 0-618-04072-2
082 ## - DEWEY DECIMAL CLASSIFICATION NUMBER
Classification number 658.401 HIL
100 ## - MAIN ENTRY--PERSONAL NAME
Author name HILL, C. W.
245 ## - TITLE STATEMENT
Title Strategic Management : An Integrated Approach.
250 ## - EDITION STATEMENT
Edition statement 5th Ed
260 ## - PUBLICATION, DISTRIBUTION, ETC.
Place of publication, distribution, etc. Bostom,
Name of publisher, distributor, etc. Houghton Mifflin Company,
Date of publication, distribution, etc. 2001.
300 ## - PHYSICAL DESCRIPTION
Extent Xxxi, 607p.: ill.; figure, table
Other physical details Index
Dimensions 26cm
700 ## - ADDED ENTRY--PERSONAL NAME
Other authors/Editors JONES, G. R.
942 ## - ADDED ENTRY ELEMENTS (KOHA)
Source of classification or shelving scheme Dewey Decimal Classification
Koha item type Books
Holdings
Date last seen Total checkouts Full call number Barcode Cost, replacement price Price effective from Koha item type Lost status Source of classification or shelving scheme Damaged status Not for loan Withdrawn status Home library Current library Shelving location Date acquired Cost, normal purchase price
06/28/2025   658 HIL DOM0001251 180000.00 06/28/2025 Books   Dewey Decimal Classification       CBE Dodoma CBE Dodoma General Collection 06/28/2014 60000.00
05/14/2025   658.401 HIL 0000008682 180000.00 05/14/2025 Books   Dewey Decimal Classification       College of Business Education Main Library College of Business Education Main Library General Collection 11/27/2014 60000.00
05/14/2025   658.401 HIL 0000008683 180000.00 05/14/2025 Books   Dewey Decimal Classification       College of Business Education Main Library College of Business Education Main Library General Collection 11/27/2014 60000.00